Paroles du générique de fin d'Inazuma Eleven - Statistiques

Statistiques générales
  • Ce quiz a été pris 45 fois
    35 depuis la dernière actualisation
  • Le résultat moyen est 99 sur 130
Statistiques - réponses
Réponse % Correct
l'
100%
le
100%
les
100%
on
100%
On
100%
Quand
100%
s'
100%
voit
100%
A
95%
a
95%
affollent !
95%
Ce
95%
cœur !
95%
coeurs
95%
d'
95%
du
95%
football !
95%
nos
95%
rois
95%
sont
95%
adore !
86%
ces
86%
chaque
86%
C'est
81%
c'est
81%
de
81%
génie !
81%
ils
81%
Ils
81%
nous
81%
ont
81%
un
81%
vies,
81%
but
76%
délire !
76%
évanouir !
76%
folie
76%
font
76%
frémir,
76%
peur
76%
qui
76%
sur
76%
vraiment
76%
souffle
71%
bonheur
67%
Inazuma
67%
voir
67%
coup
62%
dans
62%
foudre,
62%
jouer !
62%
La
62%
62%
la
62%
meilleurs !
62%
pour
62%
ça
57%
héros
57%
joueurs
57%
toujours
57%
toujours !
57%
amour !
52%
bien
52%
Cette
52%
cette
52%
éclair
52%
équipe
52%
équipe,
52%
est
52%
et
52%
idoles,
52%
talent
52%
tellement
52%
une
52%
vent
52%
aime
48%
bravoure !
48%
crier !
48%
encourager !
48%
histoire
48%
restera
48%
au
43%
Entre
43%
eux
43%
feu
43%
foule
43%
met
43%
Oui
43%
poudre,
43%
Aucun quiz correspondant
Distribution des résultats
% des personnes avec chaque résultat
Percentile par nombre de réponses
Votre historique - résultats
Vous n’avez pas pris ce quiz depuis la dernière actualisation